000 00638nam a22002177a 4500
003 UA-OsUOA
001 77442
007 ta
008 20110913b un ||||| |||| 00| 0 ukr d
100 _aСкнарь А.
090 _a330
_bС43
942 _cSA
040 _aUA-OsUOA
_bukr
_cUA-OsUOA
_dUA-OsUOA
245 _aЗастосування класичного контролінгу в сучасних економічних умовах: приклад Нової Зеландії
300 _aС.56-67
955 _a0
041 _aukr
080 _a330
773 0 _w77435
650 7 _a330 Економіка взагалі
_2UDC
999 _c363746
_d363746